000 02618cam a2200457 i 4500
001 23991194
003 JO-AjAnu
005 20251011094126.0
007 t
008 250113s2026 ilua b 000 0 eng
010 _a 2024056974
020 _a9781718234277
_qpaperback
020 _z9781718234284
_qepub
020 _z9781718234291
_qpdf
040 _aDLC
_beng
_erda
_cDLC
_dDLC
_dDLC-MRC
_dDLC
_dDLC-MRC
_dJO-AjAnu
041 _aeng
_heng
042 _apcc
050 0 0 _aGV546
_b.K68 2026
082 0 0 _a613.7/13
_223/eng/20250115
100 1 _aKolowich, Brad,
_cJr.,
_eauthor
_4aut
_4http://id.loc.gov/vocabulary/relators/aut
245 1 4 _aThe bodyweight blueprint :
_bover 70 workouts to achieve your training goals /
_cBrad Kolowich Jr..
264 1 _aChampaign, IL :
_bHuman Kinetics,
_c[2026]
300 _axiv, 233 pages
_billustrations
_c26 cm
336 _atext
_btxt
_2rdacontent
_0http://id.loc.gov/vocabulary/contentTypes/txt
337 _aunmediated
_bn
_2rdamedia
_0http://id.loc.gov/vocabulary/mediaTypes/n
338 _avolume
_bnc
_2rdacarrier
_0http://id.loc.gov/vocabulary/carriers/nc
340 _0http://id.loc.gov/vocabulary/millus/ill
504 _aIncludes bibliographical references.
520 _a"This book provides the reader with a library of bodyweight-only workouts that cover a variety of workout styles, training outcomes, and movement types. In addition to the workouts, it will explain the advantages of bodyweight training, explain how to design workouts for various goals, give recommendations for progression, and provide multiple programs"-- Provided by publisher.
650 0 _aWeight training
_0http://id.loc.gov/authorities/subjects/sh87006261
650 0 _aIsometric exercise
_0http://id.loc.gov/authorities/subjects/sh85068649
650 0 _aBody weight
_0http://id.loc.gov/authorities/subjects/sh85015259
650 0 _aPhisical fitness
758 _1http://id.loc.gov/resources/instances/23991194
758 _4http://id.loc.gov/ontologies/bibframe/instanceOf
_1http://id.loc.gov/resources/works/23991194
776 1 _iOnline version
_4http://id.loc.gov/entities/relationships/onlineversion
_aKolowich, Brad, Jr
_tThe bodyweight blueprint
_dChampaign, IL: Human Kinetics, 2026
_w(DLC) 2024056975
_z9781718234291
_z9781718234284
_z9781718234277
884 _aDLC bibframe2marc v2.10
_g20250731
_qDLC
_uhttps://github.com/lcnetdev/bibframe2marc/releases/tag/v2.10
906 _a7
_bcbc
_corignew
_d1
_eecip
_f20
_gy-gencatlg
942 _2lcc
_cBK
_n0
999 _c34030
_d34030